| 000 | 01023nam a22002057a 4500 | ||
|---|---|---|---|
| 999 |
_c15395 _d15395 |
||
| 003 | AR-CdUCM | ||
| 008 | 190427b ||||| |||| 00| 0 spa d | ||
| 040 |
_aMUNICIPALIDAD PROVINCIAL DEL CUSCO _cBIBLIOTECA MUNICIPAL DEL CUSCO |
||
| 082 |
_a342.804 / _bZ55 / 1909 |
||
| 100 |
_aZeballos, E. S. _934451 |
||
| 245 |
_aJusticia internacional positiva : _bconferencias dadas en la Facultad de Derechop y Ciencias Sociales de la Universidad de Buenos Aires, en el curso intensivo de derecho internacional privado (derecho privado humano), 1910 / |
||
| 260 |
_aValencia : _bF. Sempere, _c1909. |
||
| 300 |
_a148 pƔginas ; _c21 cm. |
||
| 505 | _aContenido : Fuentes del derecho internacional privado -- Aplicación de la ley extranjera -- De los extranjeros -- Del estado y capacidad -- De la forma de los actos ... | ||
| 650 |
_aDerecho internacional privado _99737 |
||
| 650 |
_aJusticia (Derecho internacional privado) _934452 |
||
| 650 |
_aEnsayos, conferencias _91255 |
||
| 942 |
_2ddc _cLIBROS |
||
| 945 |
_aachl _d2019-04-27 |
||